000
00345pam a2200157a 44500
008
230515b1968 xxu||||| |||| 00| 0 eng d
020
_a
NULL
041
_a
ENGLISH
082
_a
630
100
_a
4695-1968
245
_a
BASIC DIMENSIONS FOR KNUCKLE THREADS
250
_a
0
260
_a
DELHI
_b
ISI
_c
1968
300
_a
12
650
_a
NULL
999
_c
652152
_d
652152